000 00650cab a2200229 4500
001 ABS48162
008 090401t1993 xxu||||| |||| 00| 0 eng d
035 _a(Sirsi) u65290
041 _aeng
245 _aThin end of the wage
260 _c1993
350 _a0
490 _aBuilding
_v258(7786) 19 March 1993, 22-23(2)
520 _aExamines the fundamental flaws in the settling of pay rates for site workers as the annual pay talks begin.
650 _aANNUAL PAY TALKS
650 _aLABOUR RATES
650 _aSALARIES
650 _aSITE WORKERS
690 _aBUILT ENVIRONMENT-BUILDING COSTS
942 _n0
948 _c04/03/1997
999 _c40716
_d40716